| Поле | Инд. | ПП | Название | Значение |
|---|---|---|---|---|
| Тип записи | a | |||
| Библиографический уровень | m | |||
| 001 | Контрольный номер | c776185a203e4353bcce0a86f38fcbc6 | ||
| 005 | Дата корректировки | 20260513141817.0 | ||
| 020 | a | ISBN | 978-5-534-00623-0 | |
| c | Цена, тираж | 134-00 | ||
| 040 | b | Код языка каталог. | rus | |
| e | Правила каталог. | PSBO | ||
| 041 | 0_ | a | Код языка текста | rus |
| 080 | a | Индекс УДК | 005.591.6 | |
| 080 | a | Индекс УДК | 004(075.8) | |
| 084 | a | Индекс другой классификации/Индекс ББК | 65.291.2 | |
| 084 | a | Индекс другой классификации/Индекс ББК | 32.81я73 | |
| 090 | a | Полочн. индекс | 65 | |
| x | Авторский знак | Р93 | ||
| 097 | b | Оператор | 03 | |
| 100 | 1_ | a | Автор | Рыжко А. Л. |
| 245 | 10 | a | Заглавие | Информационные системы управления производственной компанией |
| b | Продолж. заглавия | учебник для вузов | ||
| 260 | a | Место издания | Москва | |
| b | Издательство | Юрайт | ||
| c | Дата издания | 2026 | ||
| 300 | a | Объем | 354 с. | |
| b | Иллюстрации/ тип воспроизводства | ил. | ||
| 336 | a | Термин вида содержания | Текст | |
| 337 | a | Термин типа средства | непосредственный | |
| 440 | _0 | a | Серия | Высшее образование |
| 510 | 0_ | a | Примечание о ссылках | Книги и методические пособия |
| 650 | 04 | a | Основная рубрика | 82.01 Общие вопросы организации и управления |
| 653 | 0_ | a | Ключевые слова | информационные системы; управление производственными процессами; управление запасами; управление проектами; управление затратами; ERP-системы; информационный менеджмент; управленческие информационные системы |
| 700 | 12 | a | Другие авторы | Рыбников А. И. |
| 700 | 12 | a | Другие авторы | Рыжко Н. А. |
| 900 | a | Имя электронного ресурса | Рыжко - Информационные системы управления производственной компанией (001) | |
| 900 | a | Имя электронного ресурса | Рыжко - Информационные системы управления производственной компанией | |
| 901 | t | Тип документа | m |